00462nam a2200157Ia 4500003000400000005001700004008004100021040001800062041000800080082001500088100004600103245007300149260002200222600003000244650003000274OSt20260326113649.0211028s2008 xx 000 0 und d cAIMIT LIBRARY aeng a658.3 VASK aVas, Kiran Pramodh;P G Aquinas.g60471322 aA study on wage and salary administration in gmr energy, Mangalore / bP G Aquinasc2008 aHuman Resource Management aHuman Resource Management